Mme de Sévigné / (Record no. 152305)
[ view plain ]
| 000 -LEADER | |
|---|---|
| campo de control de longitud fija | 00762nam a22002175i 4500 |
| 001 - NÚMERO DE CONTROL | |
| campo de control | 152305 |
| 003 - IDENTIFICADOR DE NÚMERO DE CONTROL | |
| campo de control | ES-MaACL |
| 005 - FECHA Y HORA DE LA ÚLTIMA TRANSACCIÓN | |
| campo de control | 20260509181302.0 |
| 008 - DATOS DE LONGITUD FIJA--INFORMACIÓN GENERAL | |
| campo de control de longitud fija | 051014s1888 fr ac | |||||||| ||fre d |
| 040 ## - FUENTE DE CATALOGACIÓN | |
| Centro catalogador/agencia de origen | CAM |
| Lengua de catalogación | spa |
| Centro/agencia transcriptor | CAM |
| 100 1# - ENTRADA PRINCIPAL--NOMBRE DE PERSONA | |
| Nombre de persona | Boissier, Gaston. |
| 9 (RLIN) | 29869 |
| 245 10 - MENCIÓN DEL TÍTULO | |
| Título | Mme de Sévigné / |
| Mención de responsabilidad, etc. | par Gaston Boissier. |
| 250 ## - MENCION DE EDICION | |
| Mención de edición | 3e éd. |
| 260 ## - PUBLICACIÓN, DISTRIBUCIÓN, ETC. | |
| Lugar de publicación, distribución, etc. | Paris : |
| Nombre del editor, distribuidor, etc. | Librairie Hachette et C., |
| Fecha de publicación, distribución, etc. | 1888 ( |
| Lugar de fabricación/manufactura | Coulommiers : |
| Fabricante | Imp. P. Brodard et Gallois) |
| 300 ## - DESCRIPCIÓN FÍSICA | |
| Extensión | 165 p., [1] h. de lám. ; |
| Dimensiones | 19 cm. |
| 490 1# - MENCIÓN DE SERIE | |
| Mención de serie | Les grands écrivains français |
| 600 17 - PUNTO DE ACCESO ADICIONAL DE MATERIA--NOMBRE DE PERSONA | |
| Nombre de persona | Sevigné, Marie de Rabutin-Chantal, |
| Títulos y otros términos asociados al nombre | marquise de, |
| Fechas asociadas al nombre | 1626-1696 |
| 9 (RLIN) | 132692 |
| 830 0# - PUNTO DE ACCESO ADICIONAL DE SERIE-TÍTULO UNIFORME | |
| Título uniforme | Les grands écrivains français |
| 9 (RLIN) | 182230 |
| 852 ## - LOCALIZACIÓN | |
| Ubicación | ES-MaACL |
| Número de control de estantería | B-3190 |
| Nota libre | -- Enc. pasta española |
| Estatus retirado | Estado de pérdida | Estado de daño | No para préstamo | Colección | Biblioteca de origen | Biblioteca actual | Ubicación en estantería | Fecha de adquisición | Fuente de adquisición | Total de préstamos | Signatura topográfica completa | Código de barras | Visto por última vez | Precio de reemplazo | Tipo de ítem Koha |
|---|---|---|---|---|---|---|---|---|---|---|---|---|---|---|---|
| Libros del s. XIX | Biblioteca del Ateneo de Madrid | Biblioteca del Ateneo de Madrid | Sala Pardo Bazán | 28/06/2010 | B-3190 | 1183640 | 23/02/2023 | 23/02/2023 | Libro impreso antiguo |
